| 000 | 00000nam 2200000zi 4500 |
| 001 | 9.905671 |
| 003 | CaOODSP |
| 005 | 20240527135432 |
| 006 | m o d f |
| 007 | cr cn||||||||| |
| 008 | 211206t20222022bccab ob f000 0 eng d |
| 020 | |a9780660412108 |
| 040 | |aCaOODSP|beng|erda|cCaOODSP |
| 043 | |an-cn-bc |
| 086 | 1 |aCW66-776/2022E-PDF |
| 086 | 1 |aCW69-5/540E-PDF |
| 100 | 1 |aHentze, Nathan T., |eauthor. |
| 245 | 10|aDogs and migratory birds within migratory bird sanctuaries in the Greater Victoria area / |cNathan T. Hentze, Ken H. Morgan, Chloe K. Boynton, Erin M. Roberts. |
| 264 | 1|a[Nanaimo, B.C.] : |bCanadian Wildlife Service, Pacific Region, |c2022. |
| 264 | 4|c©2022 |
| 300 | |a1 online resource (xvi, 158 pages) : |bcolour illustrations, colour maps. |
| 336 | |atext|btxt|2rdacontent |
| 337 | |acomputer|bc|2rdamedia |
| 338 | |aonline resource|bcr|2rdacarrier |
| 490 | 1 |aTechnical report series ; |vno. 540 |
| 500 | |aIssued also in French under title: Chiens et oiseaux migrateurs dans les refuges d'oiseaux migrateurs de la région métropolitaine de Victoria. |
| 500 | |a"EC21347." |
| 504 | |aIncludes bibliographical references (pages 127-137). |
| 650 | 0|aMigratory birds|xPredators of|zBritish Columbia|zVictoria Region. |
| 650 | 0|aDogs|xEnvironmental aspects|zBritish Columbia|zVictoria Region. |
| 650 | 0|aDog walking|xEnvironmental aspects|zBritish Columbia|zVictoria Region. |
| 650 | 0|aBird refuges|xRecreational use|xEnvironmental aspects|zBritish Columbia|zVictoria Region. |
| 710 | 2 |aCanadian Wildlife Service, |eissuing body. |
| 710 | 1 |aCanada. |bEnvironment and Climate Change Canada, |eissuing body. |
| 775 | 08|tChiens et oiseaux migrateurs dans les refuges d'oiseaux migrateurs de la région métropolitaine de Victoria / |w(CaOODSP)9.906198 |
| 830 | #0|aTechnical report series (Canadian Wildlife Service)|vno. 540.|w(CaOODSP)9.504438 |
| 856 | 40|qPDF|s8.69 MB|uhttps://publications.gc.ca/collections/collection_2022/eccc/CW66-776-2022-eng.pdf |